Salud de las Trabajadoras

Պահպանված է:
Մատենագիտական մանրամասներ
Համատեղ հեղինակ: OIT
Ձևաչափ: Տեքստ
Հրապարակվել է: San José: OIT
Խորագրեր:
Ցուցիչներ: Ավելացրեք ցուցիչ
Չկան պիտակներ, Եղեք առաջինը, ով նշում է այս գրառումը!

MARC

LEADER 00000 a a2200000 04500
001 26785
003
040
090 |a 149800  
110 |a OIT  
245 |a Salud de las Trabajadoras  
260 |a San José:   |b OIT  
300 |a 122 p; Módulo N. 3   |b il.  
650 |a MUJERES  
650 |a TRABAJADORAS  
650 |a EDUCACION DE LA MUJER  
650 |a DISCRIMINACION BASADA EN EL GENERO  
650 |a SALUD DE LA MUJER  
650 |a LEGISLACION DEL TRABAJO  
650 |a SALUD  
650 |a RIESGOS PARA LA SALUD  
650 |a ENFERMEDADES OCUPACIONALES  
650 |a INDUSTRIA DE ENSAMBLAJE  
650 |a AMBIENTE DE TRABAJO  
650 |a ABUSO SEXUAL  
650 |a CONDICIONES  
999 |c 16974  |d 16974